Alfabet wojskowy NATO - nagła śmierć - Statystyki

Ogólne statystyki
  • Ten quiz został rozwiązany 11 572 razy
  • Średni wynik to 8 z 26
Answers on the Grid
Answers color-coded by a green-red scale on the quiz's grid according to % correct below.
Adam
Alfa
Apple
Boy
Bravo
Bruise
Charlie
Cold
Cork
David
Delta
Denver
Easy
Echo
Edward
Fox
Foxtrot
Frozen
George
Gold
Golf
Henry
Hotel
House
Ice
India
Italy
Japan
John
Juliett
Kilo
King
Kosher
Ladder
Lima
Lincoln
Mery
Mexico
Mike
Nora
November
Nasty
Ocean
Opera
Oscar
Papa
Paris
Polish
Quebec
Queen
Quilt
Robert
Rome
Romeo
Sand
Sierra
Story
Tango
Today
Tom
Umbrella
Uniform
Union
Vector
Victor
Vixen
Water
Whale
Whiskey
Xenon
Xray
Xylophone
Yankee
Yellow
Young
Zebra
Zoom
Zulu
 
Statystyki odpowiedzi
Odpowiedź % Poprawnych
Alfa
95%
Bravo
84%
Delta
73%
Charlie
72%
Echo
66%
Foxtrot
49%
Golf
30%
Hotel
28%
India
26%
Kilo
25%
Juliett
24%
Lima
23%
Tango
21%
Sierra
20%
November
19%
Papa
19%
Mike
18%
Oscar
18%
Romeo
18%
Zulu
18%
Whiskey
17%
Quebec
16%
Yankee
16%
Uniform
15%
Victor
15%
Xray
15%
Nie znaleziono quizów pasujących do podanych kryteriów
Rozkład punktacji
Procent ludzi z każdym wynikiem
Percentyl według liczby udzielonych odpowiedzi
Twoja historia wyników
Nie rozwiązałeś tego quizu